1872 1790 1853 1820 1506 1713 1337 1057 1059 1569 1014 1355 1122 1683 1947 1001 1612 1871 1734 1602 1010 1327 1033 1459 1731 1663 1526 1333 1789 1418 1609 1553 1212 1686 1114 1184 1601 1472 1897 1726 1959 1372 1406 1132 1722 1931 1972 1551 1908 1129 1524 1146 1826 1759 1549 1348 1874 1993 1426 1475 1677 1479 1890 1833 1267 1819 1275 1917 1584 1822 1161 1641 1891 1315 1759 1466 1196 1083 1976 1883 1877 1034 1667 1252 1628 1384 1244 1825 1658 1452 1931 1851 1864 1213 1850 1081 1798 1879 1068 BCNSPRNW ULIB Ver.6.0+V

เปลี่ยนเป็นภาษาไทย

Change to English
 แสดงรายละเอียดบรรณานุกรม
  กลับหน้าหลัก

Brief Record : Get Marc (ISO 2709) : E-mail record : QR code < ปิดหน้าต่าง
LEADER : 00000nam 2200000uu 4500
001    13399124503
003     ULIB
008    020711s2556 th a 000 0 tha d
020    978974980421X
020    9789749804216
090    นว.^bล158ด ล.3
100    ล่อร่า อิงกัลล์ส์ ไวล์เดอร์;^eผู้แต่ง
245    เด็กชายชาวนา/^cล่อร่า อิงกัลล์ส์ ไวล์เดอร์. ; เขียน ,สุคนธรส. ; แปล
250    พิมพ์ครั้งที่10
260    กรุงเทพฯ :^bแพรวเยาวชน,^c2556
300    289 หน้า;^b18.5 ซม.
500    หนังสือชุดบ้านเล็ก
700    สุคนธรส ;^eแปล
945    ^p185^l0^i039774
999    ^aทศพร
รายการนี้ยังไม่มีแท็ก
คุณยังไม่ได้ล็อกอิน คุณสามารถมีกิจกรรมร่วมกับเว็บไซต์ได้ แต่ต้องล็อกอินก่อน ::
  ล็อกอิน

รายการสื่อสารสนเทศ

ลำดับที่ ประเภท เลขเรียก/บาร์โค้ด สถานที่ สถานะ
1. นวนิยาย
นวนิยาย
นว. ล158ด ล.3 ฉ.1 
  Barcode: 039774
ห้องสมุดวิทยาเขตสวรรค์ประชารักษ์
►นวนิยาย
บนชั้น
  ขอยืม

BibComment


ยังไม่เคยถูกคอมเมนท์

คอมเมนท์ทรัพยากรรายการนี้
  คอมเมนท์: เด็กชายชาวนา ล่อร..


 Copyright 2026. Bcnsprnw @Library